| 000 | 01285nam a2200337 i 4500 | ||
|---|---|---|---|
| 001 | 000008317 | ||
| 003 | DO-SdBNP | ||
| 005 | 20260429135247.0 | ||
| 007 | ta | ||
| 008 | 090916s1981 dr ag 000 0 spa d | ||
| 040 |
_aDO-SdBNP _bspa _cBNPHU _erda |
||
| 082 | 4 |
_a809 _bG633m _222 |
|
| 100 | 1 |
_aGómez de Michel, Fiume, _d1941- _922477 _eautora |
|
| 245 | 1 | 0 |
_aManual de literatura universal : _bpara 4to. curso de la educación media nacional / _cFiume Gómez de Michel. |
| 246 | 1 |
_aManual de literatura universal _bantología, analisis y comentarios |
|
| 264 |
_aSanto Domingo : _bUASD, _c1981. |
||
| 300 |
_a753 páginas : _bilustraciones, música ; _c24 cm. |
||
| 336 |
_2rdacontent _atexto _btxt |
||
| 337 |
_2rdamedia _asin mediación _bn |
||
| 338 |
_2rdacarrier _avolumen _bnc |
||
| 490 |
_aPublicaciones de la Universidad Autónoma de Santo Domingo; _v305 |
||
| 490 |
_aEducación y sociedad ; _v18 |
||
| 500 | _aIncluye referencias bibliográficass y notas al pie de las páginas | ||
| 504 | _aBibliografía : p. 746-753 | ||
| 590 | _aInventariado, 2018/ YL | ||
| 650 | 0 |
_aLiteratura _93439 |
|
| 650 | 0 |
_aLiteratura _xHistoria y crítica _9835 |
|
| 710 | 1 |
_aUniversidad Autónoma de Santo Domingo _972951 |
|
| 910 | _aValidado. Control de calidad MFF | ||
| 942 |
_2ddc _cLBS1 |
||
| 999 |
_c8088 _d8088 |
||